Hybridity, coping mechanisms, and academic performance management: comparing three countries (Record no. 108757)

000 -LEADER
fixed length control field 00433pab a2200145 454500
008 - FIXED-LENGTH DATA ELEMENTS--GENERAL INFORMATION
fixed length control field 180718b2015 xxu||||| |||| 00| 0 eng d
100 ## - MAIN ENTRY--PERSONAL NAME
Personal name Teelken, Christine
245 ## - TITLE STATEMENT
Title Hybridity, coping mechanisms, and academic performance management: comparing three countries
260 ## - PUBLICATION, DISTRIBUTION, ETC.
Date of publication, distribution, etc. 2015
300 ## - PHYSICAL DESCRIPTION
Extent p.307-323.
650 ## - SUBJECT ADDED ENTRY--TOPICAL TERM
Topical term or geographic name entry element Higher education
650 ## - SUBJECT ADDED ENTRY--TOPICAL TERM
Topical term or geographic name entry element Performance appraisal
773 ## - HOST ITEM ENTRY
Main entry heading Public Administration
909 ## -
-- 108762
Holdings
Withdrawn status Lost status Damaged status Not for loan Permanent Location Current Location Date acquired Serial Enumeration / chronology Barcode Date last seen Price effective from Koha item type
        Indian Institute of Public Administration Indian Institute of Public Administration 2018-07-19 Volume no: 93, Issue no: 2 AR109222 2018-07-19 2018-07-19 Articles

Powered by Koha